| 000 | 01093cam a2200301 a 4500 | ||
|---|---|---|---|
| 001 | 1442166 | ||
| 003 | OSt | ||
| 005 | 20160331143343.0 | ||
| 008 | 850517s1985 nyu b i001 0 eng | ||
| 010 | _a 85011574 | ||
| 020 | _a0195204654 | ||
| 040 |
_aDLC _cDLC _dDLC |
||
| 050 | 0 | 0 |
_aHD1433 _b.P87 1985 |
| 082 | 0 | 0 |
_a301 _219 _bPUT 1985 |
| 245 | 0 | 0 |
_aPutting people first : _bsociological variables in rural development / _cedited by Michael M. Cernea. |
| 260 |
_aNew York : _bPublished for the World Bank [by] Oxford University Press, _c1985. |
||
| 300 |
_axiv, 430 p. ; _c25 cm. |
||
| 504 | _aIncludes bibliographies and index. | ||
| 650 | 0 |
_aAgricultural development projects _xSocial aspects. _97518 |
|
| 650 | 0 |
_aRural development _xSociological aspects. _97519 |
|
| 650 | 0 |
_aSociology, Rural. _97520 |
|
| 650 | 0 |
_aRural poor. _97521 |
|
| 700 | 1 |
_aCernea, Michael M. _94322 |
|
| 710 | 2 |
_aWorld Bank. _9955 |
|
| 856 | 4 | 2 |
_3Publisher description _uhttp://www.loc.gov/catdir/enhancements/fy0638/85011574-d.html |
| 906 |
_a7 _bcbc _corignew _d1 _eocip _f19 _gy-gencatlg |
||
| 942 |
_2ddc _cSLOAN |
||
| 999 |
_c3360 _d3360 |
||